• 首页
  • 本馆介绍
  • 公告通知
  • 最新文献
  • 馆藏检索
  • 电子资源
  • 读者导购
  • 参考咨询
  • 我的图书馆
  • 登录
  • 详细信息显示
  • 放入我的书架
  • 预约/预借图书
  • 作者相关作品
  • 分类相关作品
  • 丛书相关作品
  • 出版社相关作品

书目信息

  • 表格格式
  • 工作单格式
  • 卡片格式
题名:
单簧管演奏教程
    
 
作者: 尹余洋 著
分册:  
出版信息: 北京   中国书籍出版社  2015
页数: 283页
开本: 30cm
丛书名:
单 册:
中图分类: J621.46
科图分类:
主题词: 单簧管--Dan Huang Guan--吹奏法--教材
电子资源:
ISBN: 978-7-5068-5196-1
000 00909nam0 22002411 450
001 349853
005 20161010151142.26
010    @a978-7-5068-5196-1@dCNY56.00
100    @a20160201d2015 em y0chiy50 ea
101 0  @achi
102    @aCN@b110000
105    @aag z 000yy
106    @ar
200 1  @a单簧管演奏教程@ADan Huang Guan Yan Zou Jiao Cheng@f尹余洋著
210    @a北京@c中国书籍出版社@d2015
215    @a283页@c图@d30cm
300    @a中华全国艺术家协会推荐教材
330    @a本书分为基本音级和基础节奏、变化音级和常用节奏、24大小调基本功练习、练习曲和乐曲精选、常用乐理知识五章,从萨克斯管初级入门开始,把萨克斯管演奏中常用的技巧由易到难分成若干个知识点,每节课的乐曲都围绕着其中的一个核心知识点展开练习。
606 0  @a单簧管@ADan Huang Guan@x吹奏法@j教材
690    @aJ621.46@v5
701  0 @a尹余洋@AYin Yu Yang@4著
801  0 @aCN@bTANGWEI@20160802
905    @b0887090-4@dJ621.46@e279@f5
    
    单簧管演奏教程/尹余洋著 .-北京:中国书籍出版社,2015
    283页:图;30cm
    中华全国艺术家协会推荐教材
    
    ISBN 978-7-5068-5196-1:CNY56.00
    本书分为基本音级和基础节奏、变化音级和常用节奏、24大小调基本功练习、练习曲和乐曲精选、常用乐理知识五章,从萨克斯管初级入门开始,把萨克斯管演奏中常用的技巧由易到难分成若干个知识点,每节课的乐曲都围绕着其中的一个核心知识点展开练习。
●
相关链接 在E读中查询图书 在五车中查询图书 在当当中查询图书 在豆瓣中查询图书


正题名:单簧管演奏教程     索取号:J621.46/279         预约/预借

序号 登录号 条形码 馆藏地/架位号 状态 备注
1 0887090   208870907   第一样本阅览室/ [索取号:J621.46/279] 在馆    
2 0887091   208870916   第一借阅区/ [索取号:J621.46/279] 在馆    
3 0887092   208870925   第一借阅区/ [索取号:J621.46/279] 在馆    
4 0887093   208870934   第一借阅区/ [索取号:J621.46/279] 在馆    
5 0887094   208870943   第一借阅区/ [索取号:J621.46/279] 在馆    
唐山师范学院图书馆 欢迎您!
大连网信软件有限公司© 版权所有